| 000 | 00681cam a2200181 4500500 | ||
|---|---|---|---|
| 005 | 20260329004159.0 | ||
| 041 | _afre | ||
| 042 | _adc | ||
| 100 | 1 | 0 |
_aMorel, François _eauthor |
| 245 | 0 | 0 | _a“Tout le problème de ce monde est que les imbéciles et les fanatiques sont toujours très sûrs d’eux, alors que les gens plus intelligents sont pleins de doute” |
| 260 | _c2018. | ||
| 500 | _a62 | ||
| 690 | _aCertitude | ||
| 690 | _aDoute | ||
| 690 | _aFrançois Morel | ||
| 786 | 0 | _nPhilosophie magazine | 124 | 11 | 2018-11-01 | p. 72-72 | 1951-1787 | |
| 856 | 4 | 1 | _uhttps://shs.cairn.info/magazine-philosophie-magazine-2018-11-page-72?lang=fr&redirect-ssocas=7080 |
| 999 |
_c1831483 _d1831483 |
||